[Event "Enschede op-E U14"]
[Site "Enschede"]
[Date "2009.08.04"]
[Round "2"]
[White "Van der Klugt, Teun"]
[Black "Schuttevaer, Tim"]
[Result "0-1"]
[WhiteElo "742"]
[BlackElo "937"]
[PlyCount "54"]
[EventDate "2009.08.03"]
[EventType "swiss"]
[EventRounds "9"]
[EventCountry "NED"]
[SourceTitle "CBM 132 Extra"]
[Source "ChessBase"]
[SourceDate "2009.11.03"]
[SourceVersion "1"]
[SourceVersionDate "2009.11.03"]
[SourceQuality "1"]

1. e4 c5 2. Nf3 Nc6 3. Bc4 d6 4. d3 Bg4 5. Bf4 Nd4 6. Nc3 Nf6 7. Qd2 Bxf3 8. gxf3 Nxf3+ 9. Kd1 Nxd2 10. Kxd2 e5 11. Bg3 g6 12. Nd5 Nxd5 13. Bxd5 Bh6+ 14. Ke1 0-0 15. Bxb7 Rb8 16. Bd5 Rxb2 17. Ke2 Qb8 18. a4 Rxc2+ 19. Kf3 Qd8 20. Kg4 Qg5+ 21. Kh3 Rb8 22. Bh4 Qh5 23. f4 exf4 24. Raf1 f3 25. d4 cxd4 26. a5 Bf4 27. a6 Rxh2+ 0-1